000 00704nam a22001937a 4500
010 _a1718CH-EN
020 _a9780143334040
_c175.00
035 _aB-673876-902
037 _aDPL
_bBSB
082 _aS
100 _aBond, Ruskin
245 _aDust on the mountain /
_cby Ruskin Bond; illustrated by Anitha Balachandran
260 _aGurgaon
_bPuffin Book
_c2016
270 _a7th Floor, Infinity Tower C, DLF Cyber City,
_bGurgaon
_e122002
300 _a64p.
_c19cm(pbk)
700 _aBalachandran, Anitha
942 _2ddc
_cCH
_mBON
_hS
999 _c141624
_d141624